The civil court procedure 2014 : (Record no. 6840)

MARC details
000 -LEADER
fixed length control field 00375nam a22001337a 4500
008 - FIXED-LENGTH DATA ELEMENTS--GENERAL INFORMATION
fixed length control field 150625b xxu||||| |||| 00| 0 eng d
020 ## - INTERNATIONAL STANDARD BOOK NUMBER
International Standard Book Number 9781405787321
082 ## - DEWEY DECIMAL CLASSIFICATION NUMBER
Classification number 347.0504 CIV
245 ## - TITLE STATEMENT
Title The civil court procedure 2014 :
Remainder of title October reissue
260 ## - PUBLICATION, DISTRIBUTION, ETC. (IMPRINT)
Place of publication, distribution, etc UK :
Name of publisher, distributor, etc LexisNexis,
Date of publication, distribution, etc 2014.
300 ## - PHYSICAL DESCRIPTION
Extent cclxii, 223p. :
Other physical details ill. ;
Dimensions 25cm.
500 ## - GENERAL NOTE
General note Includes index
942 ## - ADDED ENTRY ELEMENTS (KOHA)
Source of classification or shelving scheme Dewey Decimal Classification
Item type Books
Holdings
Withdrawn status Lost status Source of classification or shelving scheme Damaged status Not for loan Home library Current library Shelving location Date acquired Total Checkouts Full call number Date last seen Copy number Price effective from Koha item type
    Dewey Decimal Classification     Law Development Centre Main Library Law Development Centre Main Library Text Books and Laws 06/25/2015   347.0504 CIV 06/25/2015 001 06/25/2015 Books
    Dewey Decimal Classification     Law Development Centre Main Library Law Development Centre Main Library   06/25/2015   347.0504 CIV 06/25/2015   06/25/2015 Books